Computer organization and design : The hardware/Software interface

This book is very interesting and speaks to the students who would like to feel a connection between classroom materials and real-world applications. This revision is well-updated and a comprehensive introduction to the hardware and software fundamentals.

Spremljeno u:
Bibliografski detalji
Glavni autor: Patterson, David A.
Format: Knjiga
Jezik:Undetermined
Izdano: Amsterdam Elsevier 2005
Teme:
Oznake: Dodaj oznaku
Bez oznaka, Budi prvi tko označuje ovaj zapis!
Thư viện lưu trữ: Trung tâm Học liệu Trường Đại học Cần Thơ
LEADER 00958nam a2200217Ia 4500
001 CTU_126718
008 210402s9999 xx 000 0 und d
020 |c 64.9 
082 |a 004.22 
082 |b P317 
100 |a Patterson, David A. 
245 0 |a Computer organization and design : 
245 4 |b The hardware/Software interface 
245 0 |c David A. Patterson, John L. Hennessy ; With a contribution by Peter J. Ashenden , James R. Larus and Daniel Sorin 
260 |a Amsterdam 
260 |b Elsevier 
260 |c 2005 
520 |a This book is very interesting and speaks to the students who would like to feel a connection between classroom materials and real-world applications. This revision is well-updated and a comprehensive introduction to the hardware and software fundamentals. 
650 |a Computer organization,Computer engineering,Computer interface 
904 |i Minh 
980 |a Trung tâm Học liệu Trường Đại học Cần Thơ